000
00256nam a2200097Ia 4500
001
687494
005
20250826161557.0
008
250824s9999 xx 000 0 und d
245
0
_a
SONSUZA KADAR YAŞAMANIN YOLLARI
_c
SALLY NİCHOLLS
260
_b
TUDEM YAYINLARI
999
_c
687494
_d
687494